stranger things cast - Statistics

General Stats
  • This quiz has been taken 122 times
  • The average score is 10 of 15
Answer Stats
character Answer % Correct
eleven millie Bobby Brown
96%
will Noah Schnapp
96%
mike Finn Wolfhard
94%
maxime/max Sadie Sink
90%
jonathon Charlie Heaton
82%
lucas Caleb Reginald McLaughlin
81%
dustin Gaten Matarazzo
81%
steve Joe Keery
80%
chief hopper David Harbour
79%
nancy Natalia Dyer
78%
billy Dacre Montgomery
72%
tommy Chester Rushing
8%
troy- the bully Peyton Wich
5%
benny Chris Sullivan
4%
joyce byers Wyona Rider
4%
No matching quizzes found
Score Distribution
Percent of People with Each Score
Percentile by Number Answered
Your Score History
You have not taken this quiz